[Event "73rd RUS-ch Higher League 2020"]
[Site "Sochi"]
[Date "2020.10.14"]
[Round "6.19"]
[White "Yuffa, Daniil"]
[Black "Klimentov, Evgeny"]
[Result "1-0"]
[WhiteElo "2583"]
[BlackElo "2222"]
[Annotator "RC"]
[PlyCount "79"]
[EventDate "2020.10.08"]
[EventType "swiss"]
[EventCountry "RUS"]
[SourceTitle "playchess.com"]
[Source "ChessBase"]
[SourceQuality "1"]
[TimeControl "40/5400+30:1800+30"]

1. d4 {[%emt 0:00:00]} Nf6 {[%emt 0:00:00]} 2. c4 {[%emt 0:00:00]} e6 {[%emt 0:00:00]} 3. g3 {[%emt 0:00:00]} Bb4+ {[%emt 0:00:29]} 4. Bd2 {[%emt 0:00:11]} a5 {[%emt 0:00:25]} 5. Bg2 {[%emt 0:00:03]} d6 {[%emt 0:00:16]} 6. e3 {[%emt 0:00:12]} O-O {[%emt 0:00:48]} 7. Ne2 {[%emt 0:00:15]} Bxd2+ {[%emt 0:00:31]} 8. Qxd2 {[%emt 0:00:07]} Nbd7 {[%emt 0:00:25]} 9. O-O {[%emt 0:00:23]} e5 {[%emt 0:00:27]} 10. Nbc3 {[%emt 0:00:08]} Re8 {[%emt 0:01:31]} 11. h3 {[%emt 0:04:25]} exd4 {[%emt 0:02:02]} 12. Nxd4 {[%emt 0:04:48]} Nc5 {[%emt 0:05:48]} 13. Qc2 {[%emt 0:01:09]} c6 {[%emt 0:05:15]} 14. Rad1 {[%emt 0:06:12]} Qb6 {[%emt 0:05:01]} 15. Nb3 {[%emt 0:03:23]} Nxb3 {[%emt 0:15:35]} 16. axb3 {[%emt 0:03:17]} Nd7 {[%emt 0:02:52]} 17. Rxd6 {[%emt 0:08:57]} Qb4 {[%emt 0:03:08]} 18. Rd3 {[%emt 0:01:15]} Nc5 {[%emt 0:00:38]} 19. Na2 {[%emt 0:00:07]} Qb6 {[%emt 0:00:11]} 20. Rc3 {[%emt 0:00:07]} Be6 {[%emt 0:07:06]} 21. Rd1 {[%emt 0:03:32]} g6 {[%emt 0:04:17]} 22. Nc1 {[%emt 0:04:37]} Bf5 {[%emt 0:10:19]} 23. Qe2 {[%emt 0:00:20]} Bb1 {[%emt 0:01:25]} 24. Rd4 {[%emt 0:02:41]} Rad8 {[%emt 0:06:43]} 25. Qd1 {[%emt 0:06:06]} Ra8 {[%emt 0:04:12]} 26. h4 {[%emt 0:03:17]} Ne6 {[%emt 0:03:33]} 27. Rd6 {[%emt 0:03:36]} Rad8 {[%emt 0:06:23]} 28. c5 {[%emt 0:04:32]} Qc7 {[%emt 0:01:06]} 29. Ne2 {[%emt 0:01:21]} Bf5 {[%emt 0:00:29]} 30. Qf1 {[%emt 0:05:25]} g5 {[%emt 0:07:24]} 31. e4 {[%emt 0:01:54]} Bg6 {[%emt 0:00:23]} 32. f4 {[%emt 0:03:37]} gxf4 {[%emt 0:00:34]} 33. gxf4 {[%emt 0:00:06]} Nxc5 {[%emt 0:01:40]} 34. Rxd8 {[%emt 0:00:22]} Rxd8 {[%emt 0:00:12]} 35. Rxc5 {[%emt 0:00:30]} Qb6 {[%emt 0:00:16]} 36. Qc1 {[%emt 0:02:13]} Qxb3 {[%emt 0:02:10]} 37. Kh2 {[%emt 0:01:36]} Qd3 {[%emt 0:00:53]} 38. Ng3 {[%emt 0:00:25]} f6 {[%emt 0:01:46]} 39. Rxa5 {[%emt 0:00:41]} Rd4 {[%emt 0:00:24]} 40. Ra8+ {[%emt 0:00:00]} 1-0

[Event "73rd RUS-ch Higher League 2020"]
[Site "Sochi"]
[Date "2020.10.14"]
[Round "6.20"]
[White "Saidov, Bilukhadzh"]
[Black "Belyakov, Bogdan"]
[Result "1/2-1/2"]
[WhiteElo "2259"]
[BlackElo "2458"]
[Annotator "TA"]
[PlyCount "80"]
[EventDate "2020.10.08"]
[EventType "swiss"]
[EventCountry "RUS"]
[SourceTitle "playchess.com"]
[Source "ChessBase"]
[SourceQuality "1"]

{[%evp 12,80,10,0,0,0,10,13,25,10,7,0,15,16,18,3,22,22,19,13,20,0,0,0,0,0,0,0,0,0,0,0,0,0,0,0,15,0,0,0,0,0,20,0,0,0,6,6,6,6,7,0,5,0,458,464,416,406,277,8,8,8,8,8,8,0,9,0,8,0,8]} 1. d4 d5 2. Bf4 Nf6 3. e3 g6 4. Nf3 Bg7 5. Be2 O-O 6. O-O c5 7. c3 Nc6 {D02: 1 d4 d5 2 Nf3 sidelines, including 2...Nf6 3 g3 and 2...Nf6 3 Bf4.} 8. Ne5 Nxe5 9. Bxe5 b6 {[#]} 10. Bf3 $146 ({Predecessor:} 10. Nd2 Bb7 11. Bd3 Qd7 12. Re1 Rac8 13. Nf1 Rfd8 14. f3 Ne8 15. Bxg7 Nxg7 16. Ng3 Qd6 17. f4 Rc7 {½-½ (17) Kueluer,C-Sutton,R Skopje 1972}) 10... e6 11. dxc5 bxc5 12. c4 Ba6 13. Na3 {[%cal Bb1a3,Ba3c4,Bc4d6,Bd6e4,Be4c5][%mdl 32]} Qa5 14. Qc2 Rad8 15. Rfd1 dxc4 16. Nxc4 Rxd1+ 17. Rxd1 Qxa2 18. Nd6 {Black must now prevent Qc3.} Qa5 19. h3 Rd8 20. b3 Ne8 21. Ra1 Qb6 22. Bxg7 Kxg7 23. Ne4 Bb7 24. Qc3+ Kg8 25. Nxc5 Bxf3 26. gxf3 Nc7 27. Ne4 {[#] And now Nf6+ would win.} Nd5 28. Qe5 Qxb3 29. Rxa7 {next Ng5 is good for White.} Qb8 30. Qa1 h6 31. h4 Qb3 32. h5 Nxe3 $2 {[%mdl 8192] [#]} (32... gxh5 $11 {and Black has nothing to worry.} 33. Kh2 (33. Nf6+ Nxf6 34. Qxf6 Qb1+ 35. Kh2 Qb8+ 36. f4 Qxa7 $11) 33... Qb6) 33. Nf6+ $1 $18 Kf8 {Strongly threatening ...Rd1+.} 34. Nd7+ Kg8 35. hxg6 $2 ({White has to play} 35. Ra8 $18 Rxa8 36. Qxa8+ Kh7 37. hxg6+ fxg6 38. Qa7) 35... Qd1+ $11 {The position is equal.} 36. Qxd1 Nxd1 37. Nc5 Rf8 38. Nd7 Rd8 39. Nc5 Rf8 40. Nd7 Rd8 {Av CentiPawn Loss W=-9/B=-13. Weighted=-10/-40} 1/2-1/2

[Event "73rd RUS-ch Higher League 2020"]
[Site "Sochi"]
[Date "2020.10.14"]
[Round "6.21"]
[White "Gaifullin, Artur"]
[Black "Pogosyan, Stefan"]
[Result "1-0"]
[WhiteElo "2440"]
[BlackElo "2442"]
[Annotator "TA"]
[PlyCount "59"]
[EventDate "2020.10.08"]
[EventType "swiss"]
[EventCountry "RUS"]
[SourceTitle "playchess.com"]
[Source "ChessBase"]
[SourceQuality "1"]

{[%evp 11,59,40,17,0,28,33,37,20,19,31,39,33,47,32,47,30,30,33,31,30,33,23,16,-22,52,58,33,-39,3,4,59,57,99,97,121,95,106,114,197,202,301,302,303,286,293,291,290,271,645,435]} 1. d4 Nf6 2. c4 e6 3. Nf3 d5 4. g3 dxc4 5. Bg2 a6 6. O-O Nc6 7. Qc2 {E04: Open Catalan: 5 Nf3.} b5 8. Ne5 Nb4 ({Much weaker is} 8... Nxd4 $6 9. Qd2 $16) 9. Qd2 {White is slightly better.} Nbd5 10. b3 cxb3 11. axb3 Bb7 12. Nd3 Be7 13. Ba3 {[#]} O-O $146 ({Predecessor:} 13... Bxa3 14. Nxa3 O-O 15. Nc5 Qc8 16. e4 Ne7 17. e5 Nfd5 18. Nc2 Rd8 19. Ra3 Bc6 20. Rfa1 Nb6 21. Qe2 {½-½ (21) Hasselmeyer,A (2494)-Nyvlt,Z (2444) ICCF email 2010}) 14. Bxe7 Qxe7 15. Nc5 Rfb8 16. Rc1 Nd7 17. e4 N5f6 (17... Nxc5 $11 18. dxc5 Qf6 19. exd5 Qxa1) 18. Nxb7 $14 Rxb7 19. d5 (19. Qa5 $14) 19... e5 20. Qa5 Nc5 (20... Ne8 $11) 21. Nd2 Rb6 22. Qc3 $36 {[%mdl 2048] Keeping Black busy.} Nb7 23. Qxc7 Qxc7 24. Rxc7 a5 {[#]} (24... Ne8 $16 25. Rc3 g5) 25. f4 $1 $18 Re8 (25... Ne8 $142 26. Rcc1 a4 27. fxe5 f6) 26. fxe5 Rxe5 27. Rc6 Rxc6 28. dxc6 Nd6 29. Rxa5 Rc5 $2 {[#]} (29... Nfe8 30. Ra8 f6) 30. Nc4 $1 {[%mdl 576] Promotion. Av CentiPawn Loss W=-19/B=-36. Weighted=-14/-43} 1-0

[Event "73rd RUS-ch Higher League 2020"]
[Site "Sochi"]
[Date "2020.10.14"]
[Round "6.22"]
[White "Stukan, Martin"]
[Black "Ibadov, Dashgyn"]
[Result "1-0"]
[WhiteElo "2316"]
[BlackElo "2296"]
[Annotator "TA"]
[PlyCount "101"]
[EventDate "2020.10.08"]
[EventType "swiss"]
[EventCountry "RUS"]
[SourceTitle "playchess.com"]
[Source "ChessBase"]
[SourceQuality "1"]

{[%evp 14,101,16,9,7,9,15,9,0,6,12,0,0,-17,-14,-32,17,13,10,10,14,0,20,8,25,25,38,41,41,30,43,25,26,25,25,25,28,10,9,11,16,13,17,0,18,0,0,0,0,0,0,0,0,0,0,0,0,0,0,0,8,0,8,8,222,176,1210,1008,3518,2983,2918,2522,29945,29950,29955,29953,29954,29941,29948,10393,29962,29958,29942,9281,29968,29956,29980,29981,29956,29945]} 1. e4 e5 2. Nf3 Nc6 3. Bb5 a6 4. Ba4 Nf6 5. O-O Be7 6. Bxc6 dxc6 7. d3 Bd6 8. Nbd2 Be6 {C85: Closed Ruy Lopez: Deferred Exchange Variation.} 9. b3 Nd7 10. a4 Qe7 {The position is equal.} 11. Nc4 f6 {[#]} 12. Bb2 $146 ({Predecessor:} 12. Nxd6+ cxd6 13. Ba3 c5 14. b4 Bg4 15. h3 Bh5 16. bxc5 dxc5 17. Qe2 Nf8 18. Qe3 {½-½ (67) Butkiewicz,L (2429)-Mesaros,F (2318) Zalakaros 2016}) 12... c5 13. Qd2 Nb8 14. Nh4 Nc6 (14... g5 $5 {[%cal Rg5h4]} 15. Nf5 Bxf5 16. exf5 Nc6 $11) 15. f4 exf4 16. Nxd6+ Qxd6 17. Qxf4 O-O-O 18. Nf5 (18. Qf2 {seems wilder.} Kb8 19. Nf3 Bg4 20. Nd2 Be6 21. Rae1) 18... Qxf4 (18... Bxf5 {keeps more tension.} 19. Qxf5+ Kb8 20. Qg4 Rhg8 21. Rf5 Nd4) 19. Rxf4 Bxf5 20. Rxf5 b6 21. Raf1 Rhe8 22. Bc3 a5 23. g4 Nd4 24. Bxd4 cxd4 $11 {[%mdl 4096] Endgame KRR-KRR} 25. g5 fxg5 26. Rxg5 Re7 27. Rf2 Rd6 28. Kg2 Kd7 29. h4 g6 30. h5 Ke8 31. hxg6 Rxg6 32. Rxg6 hxg6 {KR-KR} 33. Rf6 Re5 34. Rxg6 Rc5 35. Kf3 Rxc2 36. e5 Rc3 37. Ke4 Kd7 $1 38. Rg7+ Ke6 $2 {[#] Now Black is done in.} (38... Kc6 $1 $11 {and Black stays safe.}) 39. Kxd4 $18 Rxb3 $2 (39... Rc1 40. Rg6+ Kd7) 40. Rxc7 b5 41. axb5 Rxb5 42. Rc6+ Kd7 43. Ra6 Kc7 44. e6 Rh5 45. Ke4 Rh4+ 46. Ke5 Rh5+ 47. Kf6 Rh6+ {[#]} 48. Kg7 $1 Rh4 49. Ra7+ {White mates.} Kd8 50. Kf6 Rh6+ 51. Ke5 {Av CentiPawn Loss W=-79/B=-123. Weighted=-53/-82} 1-0

[Event "73rd RUS-ch Higher League 2020"]
[Site "Sochi"]
[Date "2020.10.14"]
[Round "6.23"]
[White "Kardashevskiy, Evgeny"]
[Black "Bimiev, Ahmad"]
[Result "1-0"]
[WhiteElo "2449"]
[BlackElo "2252"]
[Annotator "TA"]
[PlyCount "67"]
[EventDate "2020.10.08"]
[EventType "swiss"]
[EventCountry "RUS"]
[SourceTitle "playchess.com"]
[Source "ChessBase"]
[SourceQuality "1"]

{[%evp 16,67,59,60,77,58,117,113,116,110,106,122,109,97,100,104,134,139,187,181,156,162,236,230,270,273,285,272,492,518,734,732,731,730,886,785,789,781,772,650,817,579,880,859,915,890,1663,501,478,477,460,453,418,411]} 1. d4 Nf6 2. Nf3 e6 3. c4 d5 4. Nc3 Be7 5. g3 O-O 6. Bg2 dxc4 7. Ne5 Nbd7 8. Nxc4 Rb8 9. O-O b6 {E05: Open Catalan: 5 Nf3 Be7.} 10. Nb5 a6 ({Black should try} 10... Ba6 $14 11. Qb3 Nd5) 11. Na7 $16 Bb7 {White is better.} 12. Nc6 Bxc6 13. Bxc6 b5 {[#]} 14. Na5 $1 Rb6 {[#] White must now prevent ...Bb4.} 15. a3 $146 ({Predecessor:} 15. Qc2 Nb8 16. Bf3 Nd5 17. a3 b4 18. Rd1 bxa3 19. bxa3 Rb5 20. Nc4 Nd7 21. e4 {½-½ (46) Walter,S (2376)-Dinger,F (2360) Germany 2015}) 15... Qc8 16. b4 Rd8 17. Qc2 e5 18. Bb2 exd4 (18... e4 $142 19. Rac1 Nf8 20. Bxe4 Nxe4) 19. Bxd4 $18 Nb8 20. Rfd1 Qe6 {Threatens to win with ...Rxd4.} 21. Rac1 ({And not} 21. Bxb6 Rxd1+ 22. Rxd1 cxb6 $11) 21... Ng4 $2 (21... g6 {might work better.} 22. Rd3 Ng4 23. Bxb6 Rxd3) 22. Bxb6 Rxd1+ 23. Rxd1 cxb6 24. Bd5 Qf6 25. Qc8+ {[%mdl 64] [#] Double Attack} Bf8 26. Qxg4 bxa5 27. Rc1 axb4 28. axb4 Qe7 29. Rc8 h5 30. Qf5 Qd7 31. Bxf7+ (31. Qxh5 $142 Qe7 32. Rxb8) 31... Qxf7 32. Qxf7+ Kxf7 33. Rxb8 Bxb4 34. Rb6 {Black did not feel at home in the position after the opening. Av CentiPawn Loss W=-61/B=-86. Weighted=-99/-93} 1-0

[Event "73rd RUS-ch Higher League 2020"]
[Site "Sochi"]
[Date "2020.10.14"]
[Round "6.24"]
[White "Rodchenkov, Vitaly"]
[Black "Sergeyev, Alexander"]
[Result "1-0"]
[WhiteElo "2321"]
[BlackElo "2374"]
[Annotator "TA"]
[PlyCount "69"]
[EventDate "2020.10.08"]
[EventType "swiss"]
[EventCountry "RUS"]
[SourceTitle "playchess.com"]
[Source "ChessBase"]
[SourceQuality "1"]

{[%evp 13,69,36,60,30,26,38,60,64,53,49,118,99,78,97,124,130,123,97,100,82,79,77,82,76,181,181,183,163,254,262,286,135,124,82,145,122,213,187,308,45,77,36,28,27,51,39,15,24,713,713,704,686,690,670,614,534,2420,849]} 1. d4 Nf6 2. Nf3 e6 3. c4 b6 4. a3 Bb7 5. Nc3 Be7 6. d5 exd5 7. cxd5 O-O 8. g3 {E12: Queen's Indian: Unusual White 4th moves, 4 a3, 4 Nc3 Bb7 5 a3 and 4 Nc3 Bb7 .} Re8 9. Bg2 c6 {[%cal Rf6d5]} 10. d6 {White is slightly better.} Bf8 11. O-O Re6 (11... c5 $14) 12. Ng5 Rxd6 13. Qb3 $36 {[%mdl 2048] [#] White has strong initiative.} Re6 $146 ({Predecessor:} 13... Qe8 14. Nb5 h6 15. Nxd6 Bxd6 16. Nf3 Na6 17. Nd4 Nc5 18. Qc2 Be5 19. Rd1 d5 {½-½ (50) Orsag,M (2355)-Sott,P (2135) Klatovy 2000}) 14. Nxe6 fxe6 15. Bg5 h6 16. Bxf6 Qxf6 17. Rad1 d5 18. e4 {[%cal Re4d5]} Na6 (18... Qf7 $16 {might work better.}) 19. exd5 $18 Nc5 20. Qc2 cxd5 (20... exd5 {was worth a try.} 21. b4 Ne6) 21. b4 Nd7 {[#]} 22. Qb3 (22. Nxd5 $1 $18 {[%mdl 512] and the rest is easy.} exd5 (22... Bxd5 23. Rxd5) 23. Qc7) 22... Kh8 23. f4 {f5! is the strong threat.} Rc8 (23... Ba6 $142) 24. Nb5 a6 (24... a5 $16) 25. Nd4 Rc4 (25... Be7 $142 26. Kh1 Nf8) 26. Ne2 $2 (26. Qe3 $18) 26... a5 $1 $14 27. f5 {Black must now prevent bxa5.} (27. bxa5 $5 {[%cal Rf4f5]} Bc6 28. Rc1 $14 {[%mdl 64] Remove Defender} (28. axb6 Ba4 $15)) 27... axb4 28. fxe6 Qxe6 29. Nf4 {[%mdl 64] Double Attack} Bc5+ 30. Kh1 Qg4 $2 {[%mdl 8192] Black cannot hold the game after this.} (30... Rxf4 $11 31. Rxf4 bxa3) 31. Bxd5 $18 {White is clearly winning.} Rc3 32. Qb1 {White wants to mate with Ng6+.} Bxd5+ 33. Rxd5 Rf3 34. axb4 Bf2 {If only Black now had time for ...Rxf4....} 35. Qf5 {Av CentiPawn Loss W=-62/B=-82. Weighted=-66/-81} (35. h3 $142 Qxg3 36. Rxd7) 1-0

[Event "73rd RUS-ch Higher League 2020"]
[Site "Sochi"]
[Date "2020.10.14"]
[Round "6.25"]
[White "Rodin, Dmitrij"]
[Black "Nazaretyan, Tigran"]
[Result "1/2-1/2"]
[WhiteElo "2388"]
[BlackElo "2308"]
[Annotator "TA"]
[PlyCount "93"]
[EventDate "2020.10.08"]
[EventType "swiss"]
[EventCountry "RUS"]
[SourceTitle "playchess.com"]
[Source "ChessBase"]
[SourceQuality "1"]

{[%evp 16,93,19,0,0,-17,-17,-20,-14,-10,-8,-19,-4,-25,-16,-29,-5,0,37,33,31,38,36,33,35,33,34,35,31,29,29,32,32,23,82,83,59,32,16,0,0,0,0,0,0,0,0,0,0,0,0,0,0,0,0,0,0,0,0,0,0,0,0,0,0,0,0,0,0,0,0,0,0,0,0,0,0,0,0,0]} 1. e4 e5 2. Nf3 Nc6 3. Bb5 a6 4. Ba4 Nf6 5. O-O Be7 6. d4 exd4 7. Re1 O-O 8. e5 Nd5 {is cutting edge theory.} 9. c3 Nb6 {C84: Closed Ruy Lopez: Unusual White 6th moves.} 10. Bb3 dxc3 11. Nxc3 d6 12. Bf4 Bg4 13. h3 Bh5 14. g4 Bg6 {[#]} 15. Qe2 $146 ({Predecessor:} 15. a4 dxe5 16. Nxe5 Nxe5 17. Bxe5 Bd6 18. Bxd6 cxd6 19. a5 Nc8 20. f4 h5 21. f5 Bh7 22. Qf3 Rb8 23. Nd5 Kh8 24. f6 g5 25. Rac1 Na7 26. Ne7 {1-0 (26) Robak,Z (2295)-Polkowski,P (2125) Augustow 1997}) 15... dxe5 16. Rad1 Bd6 (16... exf4 {is more complex.} 17. Rxd8 Raxd8 18. Bc2 Bxc2 19. Qxc2 Nb4) 17. Nxe5 Re8 {aiming for ...Qc8.} 18. Nxc6 Rxe2 19. Nxd8 Rxe1+ 20. Rxe1 Rxd8 21. Bxd6 cxd6 22. f4 {f5 is the strong threat.} Bd3 23. Re7 {[%mdl 64] [#] Double Attack} Nc4 $1 24. Rxb7 h5 (24... Kf8 $11 {remains equal.}) 25. Rc7 d5 26. Kf2 h4 27. Rc5 {The position is equal.} d4 28. Bxc4 dxc3 29. Bxd3 Rxd3 30. Rxc3 $11 {[%mdl 4096] Endgame KR-KR} Rd2+ {[%mdl 64] [#] Double Attack} 31. Kf3 Rxb2 32. Ra3 Rh2 33. Ke4 g6 34. g5 Kg7 35. f5 gxf5+ 36. Kxf5 {Black should prevent Kg4.} Rg2 $1 37. Ra4 Rg3 38. Rxh4 Ra3 39. Rh6 Rxa2 40. h4 Rf2+ 41. Ke5 a5 42. h5 Re2+ 43. Kf5 $1 Rf2+ 44. Ke5 Re2+ 45. Kf5 $1 Rf2+ 46. Ke5 Re2+ 47. Kf5 $1 {Av CentiPawn Loss W=-2/B=-2. Weighted=-3/-3} 1/2-1/2

[Event "73rd RUS-ch Higher League 2020"]
[Site "Sochi"]
[Date "2020.10.15"]
[Round "7.1"]
[White "Chigaev, Maksim"]
[Black "Esipenko, Andrey"]
[Result "1/2-1/2"]
[WhiteElo "2598"]
[BlackElo "2682"]
[Annotator "TA"]
[PlyCount "81"]
[EventDate "2020.10.08"]
[EventType "swiss"]
[EventCountry "RUS"]
[SourceTitle "playchess.com"]
[Source "ChessBase"]
[SourceQuality "1"]

{[%evp 18,81,27,19,22,26,23,24,29,19,20,6,3,0,6,0,4,0,5,0,0,1,5,6,13,4,3,0,0,0,0,0,0,0,0,0,0,0,0,0,0,0,0,0,0,0,0,0,0,0,0,0,0,0,0,0,0,0,0,0,0,0,0,0,0,0]} 1. e4 e5 2. Nf3 Nc6 3. Bb5 Nf6 4. O-O Nxe4 5. Re1 Nd6 6. Nxe5 Be7 7. Bf1 Nxe5 8. Rxe5 O-O 9. d4 Bf6 10. Re1 Re8 $1 {10...Re8 is better than 10...Nf5. C67: Ruy Lopez: Berlin Defence: 4 0-0 Nxe4.} 11. c3 Rxe1 12. Qxe1 Ne8 {White has an edge.} 13. Bf4 d5 {The position is equal.} 14. Bd3 g6 15. Nd2 {[%cal Bb1d2,Bd2f3,Bf3e5][%mdl 32]} Ng7 16. Qe2 c6 17. Re1 Bf5 18. Bxf5 Nxf5 19. Nf3 Ng7 20. Be5 Ne6 21. Bxf6 Qxf6 22. Ne5 Re8 23. Ng4 Qd8 24. Qe5 {Strongly threatening Nf6+.} Ng7 25. Qxe8+ $1 {[%mdl 64] Decoy} ({Don't go for} 25. Nh6+ $2 Kf8 $19) 25... Nxe8 {[#]} 26. Rxe8+ $1 {[%mdl 576] Remove Defender} Qxe8 {[%cal Re8e1]} 27. Nf6+ {[%mdl 64] Double Attack} Kf8 {[%cal Re8e1]} 28. Nxe8 Kxe8 $11 {[%mdl 4096] Endgame KP-KP} 29. f4 f5 30. Kf2 Ke7 {[#]} 31. g3 $146 ({Predecessor:} 31. h4) 31... Ke6 32. Ke3 Ke7 33. Ke2 Ke6 34. Ke3 Ke7 35. Ke2 Ke6 36. Ke3 Ke7 37. Ke2 Ke6 38. Ke3 Ke7 39. Kd2 Kd6 40. Kd3 Ke6 41. Ke3 {An uneventful encounter. Av CentiPawn Loss W=-1/B=0. Weighted=-1/-1} 1/2-1/2

[Event "73rd RUS-ch Higher League 2020"]
[Site "Sochi"]
[Date "2020.10.15"]
[Round "7.2"]
[White "Fedoseev, Vladimir"]
[Black "Goganov, Aleksey"]
[Result "1/2-1/2"]
[WhiteElo "2674"]
[BlackElo "2573"]
[Annotator "TA"]
[PlyCount "131"]
[EventDate "2020.10.08"]
[EventType "swiss"]
[EventCountry "RUS"]
[SourceTitle "playchess.com"]
[Source "ChessBase"]
[SourceQuality "1"]

{[%evp 9,131,15,23,11,25,-4,2,-32,-25,-29,-29,-49,-5,-6,2,0,0,0,10,10,10,14,37,29,39,35,51,43,42,28,27,10,15,9,17,13,23,20,25,25,25,16,27,24,31,9,47,27,49,25,26,31,30,26,36,12,15,15,15,12,33,27,25,31,46,41,43,23,45,0,74,6,14,0,0,0,0,0,0,0,0,0,0,0,0,0,0,0,0,0,0,0,8,8,17,18,16,0,0,0,0,0,0,0,0,0,0,0,0,0,0,0,0,0,0,0,0,0,0,0,0,0,0,0]} 1. e4 e5 2. Nf3 Nc6 3. Bb5 Nf6 4. d3 Bc5 5. Bxc6 dxc6 6. Nbd2 {C65: Ruy Lopez: Berlin Defence (3...Nf6), unusual lines and 4 0-0 Bc5.} Be6 {6...Nd7 is the modern continuation.} 7. h3 $5 {[%mdl 4] A promising side line.} Nd7 8. Nf1 f6 {[#]} 9. Ng3 $146 ({Predecessor:} 9. g4 Qe7 10. Ng3 O-O-O 11. Qe2 Kb8 12. a3 Bb6 13. Be3 Nf8 14. O-O-O Ng6 15. Nh5 Bxe3+ 16. Qxe3 {½-½ (67) Nakamura,H (2736)-Carlsen,M (2863) chess24.com INT 2020}) 9... Qe7 10. c3 O-O 11. O-O Rad8 (11... Qf7 {with more complications.} 12. Be3 Bd6 13. b3 a5 14. Qc2 a4) 12. Nf5 (12. Qc2 {is interesting.} Bd6 13. Be3 c5 14. Rad1 Rfe8 15. Rfe1) 12... Bxf5 13. exf5 Qf7 14. Qc2 Bb6 15. Be3 Qh5 16. Bxb6 Nxb6 17. d4 Rde8 18. Rfe1 e4 19. Rxe4 Qxf5 20. Rae1 Rxe4 21. Rxe4 Nc4 22. Nh4 Qg5 23. g3 Nd6 24. Re7 {Black must now prevent Qb3+.} Rf7 25. Re1 (25. Re3 {seems wilder.} Qd5 26. b3 g5 27. Ng2 Qf5 28. Qxf5 Nxf5 29. Re8+) 25... Qd5 26. b3 Rf8 27. Re7 Rf7 (27... Re8 $5 {[%cal Re8e7]} 28. Qe2 Kf8 29. Rxe8+ Nxe8 $11) 28. Re3 g6 29. Kh2 Kg7 30. Qe2 Nf5 31. Nxf5+ Qxf5 $11 {[%mdl 4096] Endgame KQR-KQR} 32. Re8 c5 33. dxc5 Qxc5 34. c4 a5 35. Kg1 b6 36. h4 Qf5 37. Kg2 Qd7 38. Qe4 Qd6 39. Qe2 f5 {[#]} (39... Qd7 $11) 40. Kh3 (40. Re6 $1 $16 {[%cal Re6d6]} Qc5 41. h5) 40... h5 {The position is equal.} 41. f4 (41. Re6 {is more complex.} Qd4 42. Kg2 f4 43. Qc2 Rf5 44. Re7+) 41... Rf6 42. Re5 Rf7 43. Qe1 Kh7 44. Kg2 Qd4 45. Rd5 Qb2+ 46. Rd2 Qc3 47. Qe2 a4 48. Rd3 Qb4 49. Qb2 axb3 50. axb3 Qe1 51. Rd8 {[%csl Gb2][%cal Rd8h8] [#]} Qe4+ 52. Kf2 {[%csl Gb2][%cal Rd8h8]} Rg7 53. Qc3 Qh1 54. Qe3 Qh2+ 55. Ke1 Qg2 56. Kd1 {next Qe8 is good for White.} c5 {aiming for ...Ra7.} 57. Qc3 Qf1+ 58. Kc2 Qg2+ 59. Kb1 Qg1+ 60. Kb2 Qg2+ 61. Rd2 Qg1 {Hoping for ...Ra7.} 62. Rd8 Qg2+ 63. Kc1 Qg1+ 64. Kb2 Qg2+ 65. Kc1 Qg1+ 66. Kb2 {Av CentiPawn Loss W=-7/B=-6. Weighted=-8/-6} 1/2-1/2

[Event "73rd RUS-ch Higher League 2020"]
[Site "Sochi"]
[Date "2020.10.15"]
[Round "7.3"]
[White "Artemiev, Vladislav"]
[Black "Alekseev, Evgeny"]
[Result "1/2-1/2"]
[WhiteElo "2716"]
[BlackElo "2626"]
[Annotator "TA"]
[PlyCount "84"]
[EventDate "2020.10.08"]
[EventType "swiss"]
[EventCountry "RUS"]
[SourceTitle "playchess.com"]
[Source "ChessBase"]
[SourceQuality "1"]

{[%evp 9,84,18,15,14,23,16,5,14,18,14,7,6,11,0,6,10,16,0,0,-12,0,0,-10,-16,-11,0,0,-11,-10,-12,-10,-16,-13,-18,-17,-13,-17,-16,0,0,0,0,0,0,0,0,0,0,0,0,0,0,31,27,32,27,60,35,39,19,92,18,65,0,0,0,0,0,0,-4,0,0,0,-2,-4,-12,0]} 1. c4 c5 2. Nf3 Nc6 3. d4 cxd4 4. Nxd4 Qb6 5. Nb3 e6 6. Nc3 {A30: Symmetrical English: Double Fianchetto and Hedgehog.} Bb4 7. e4 Nf6 8. Bd3 Ne5 9. O-O Qd6 10. Bf4 {[#] Strongly threatening Nb5.} Bxc3 11. bxc3 Qxd3 12. Bxe5 Qxd1 13. Raxd1 Nxe4 14. Rfe1 f6 15. Rxe4 {[#] Black must now prevent Bc7.} fxe5 16. Rxe5 b6 17. Nd4 {[#]} Ke7 $146 ({Predecessor:} 17... Ba6 18. Nf5 g6 19. Nd6+ Ke7 20. Rd4 {½-½ (20) Mareco,S (2581)-Alekseev,E (2698) Zuerich 2013}) 18. f4 g6 19. Nb5 Bb7 20. Nd6 Bc6 21. Kf2 Raf8 22. g3 h6 23. Ke3 Rf6 24. c5 Rb8 25. h4 Rff8 26. Rd4 bxc5 27. Rxc5 Bd5 28. c4 Bc6 29. Nb5 Rb7 30. Rd3 Rfb8 (30... Rf5 $5 {[%cal Rf5c5]} 31. Rxc6 dxc6 $11) 31. Nd4 Bh1 32. Rb3 a6 33. g4 Rg8 34. Ne2 Bc6 (34... Rbb8 $11) 35. Ra5 ({White should play} 35. Rxb7 $16 {Threatens to win with Rxc6.} Bxb7 36. Nc1) 35... Ra8 36. f5 (36. Nc1 $14) 36... exf5 $11 {The position is equal.} 37. gxf5 g5 38. hxg5 hxg5 39. Kf2 Kf6 40. Nd4 Rxb3 41. axb3 Bb7 42. b4 Re8 {Av CentiPawn Loss W=-6/B=-5. Weighted=-6/-7} 1/2-1/2